000 00224nam a2200097Ia 4500
008 190216s9999||||xx |||||||||||||| ||und||
100 _aNull
245 0 _aHindi-Vyakaran
260 _bPoomkavanam Books Publishers
942 _cBK
999 _c18525
_d18525